Moderne Chinesische Städtenamen - Statistiken

Allgemein
  • Dieses Quiz wurde 80 mal gespielt
    79 seit der letzten Aktualisierung
  • Das Durchschnittsergebnis liegt bei 4 aus 12
Antwortstatistiken
Alter Name Moderner Name % Korrekt
Peking Beijing
93%
Kanton Guangzhou
61%
Tientsin Tianjin
57%
Nanking Nanjing
55%
Tsingtao Qingdao
49%
Tschungking Chongqing
39%
Futschau Fuzhou
30%
Amoy Xiamen
23%
Swatau Shantou
7%
Tschifu Yantai
3%
Itschang Yichang
3%
Tschingkiang Zhenjiang
1%
Keine übereinstimmenden Quizze gefunden
Verteilung der Resultate
Anzahl Personen mit jedem Resultat
Perzentil nach korrekt beantworteten Fragen
Ihre Resultats-Entwicklung
Sie haben dieses Quiz seit der letzten Aktualisierung nicht gespielt